The pratice of public relations
| Format: | Book |
|---|---|
| Published: |
Oxford :
Butterworth Heinamann Ltd. ,
1995
|
| Subjects: |
MARC
| LEADER | 00000cam a2200000 7i4500 | ||
|---|---|---|---|
| 001 | 0000009742 | ||
| 002 | 000010608 | ||
| 005 | .0 | ||
| 020 | |a 0750623187 | ||
| 090 | 0 | 0 | |a 659.20941 |b PRA |
| 245 | 1 | 0 | |a The pratice of public relations |c edited by Sam Black |
| 260 | |a Oxford : |b Butterworth Heinamann Ltd. , |c 1995 | ||
| 300 | |a 186p. ; |c 19cm. | ||
| 650 | 0 | 0 | |a Public relations |
| 999 | |a 042452 |b BUKU |c PINJAMAN |e PERPUSTAKAAN KOMUNITI PETALING JAYA | ||